=LDR 00000nam 2200000 4500 =001 INLIS000000000027267 =005 20130612125644 =008 ***********************************Ind** =035 ##$$0010-061300000027267 =041 ##$$a Ind =082 ##$$a 155.5 =090 ##$$a 155.5, Muh g =100 ##$$a Al-Muhibbin, Raudah =245 ##$$a Gue emang oke, oleh Raudah Al-Muhibbin =260 ##$$a 2005 $b Solo =300 ##$$a 160 hlm, ilus, 15 cm =650 ##$$a Psikologi Remaja =850 ##$$a NBPNMAT